000 01131nam a22002777a 4500
005 20121026114228.0
008 121026t xxu||||| |||| 00| 0 eng d
010 _aENG-106136
020 _a9781259025822
_c450.00
020 _a1259025829
_c450.00
035 _aEN-89669
037 _bDBAD/PUB
040 _aDPL
_bEng
082 0 0 _a005.1
_223
245 1 0 _aIntroduction to the design and analysis of algorithms :
_cby R.C.T. Lee...[et al]
_ba strategic approach /
246 3 _aIntroduction to the design and analysis of algorithms
260 _aNew Delhi
_bTata McGraw Hill
_c2012
270 _a7 West Patel Nagar
_bNew Delhi
_e110008
300 _axxv,723p. :
_bill.
_c24cm(pbk)
500 _aIncludes bibliographical references and indexes
650 0 _aComputer algorithms.
_953368
700 _aLee, R.C.T.
_953369
942 _2ddc
_cEN
_h005.1
_mINT
999 _c71105
_d71105